Basic histology text & atlas

Uloženo v:
Podrobná bibliografie
Hlavní autor: Junqueira, Luiz Carlos
Médium: Kniha
Jazyk:Undetermined
Vydáno: New York MGraw-Hill 2005
Témata:
Tagy: Přidat tag
Žádné tagy, Buďte první, kdo otaguje tento záznam!
Thư viện lưu trữ: Trung tâm Học liệu Trường Đại học Cần Thơ
LEADER 00573nam a2200217Ia 4500
001 CTU_100114
008 210402s9999 xx 000 0 und d
020 |c 849300 
082 |a 611.018 
082 |b J95 
100 |a Junqueira, Luiz Carlos 
245 0 |a Basic histology text & atlas 
245 0 |c Luiz Carlos Junqueira, José Carneiro 
260 |a New York 
260 |b MGraw-Hill 
260 |c 2005 
526 |a Mô động vật 
526 |b TN149 
650 |a Histology 
904 |i Giang 
980 |a Trung tâm Học liệu Trường Đại học Cần Thơ